| 000 | 00353 a2200109 4500 | ||
|---|---|---|---|
| 001 | ART_35058 | ||
| 005 | 20260410162005.0 | ||
| 008 | 260409a | ||
| 245 | 1 | 0 | _aLos derechos reales en el Código Civil y Comercial de la Nación |
| 100 | 1 | _aSmayevsky, Miriam | |
| 773 | 0 |
_tTemas de derecho civil _g- Año 1, Nº 2 (nov. 2015) _wREV34778 |
|
| 999 |
_c31603 _d31603 |
||